[Event "VIE-ch (Women)"]
[Site "Hanoi"]
[Date "2024.03.15"]
[Round "7"]
[White "Hoang, Thi Bao Tram"]
[Black "Nguyen, Binh Vy"]
[Result "1/2-1/2"]
[WhiteElo "2243"]
[BlackElo "1849"]
[PlyCount "68"]
[EventDate "2024.03.11"]
[EventType "swiss"]
[EventRounds "9"]
[EventCountry "VIE"]
[SourceTitle "CB13_2024"]
[SourceDate "2024.03.27"]
[SourceVersion "1"]
[SourceVersionDate "2024.03.27"]
[SourceQuality "1"]

1. Nf3 Nf6 2. e3 g6 3. b3 Bg7 4. Bb2 0-0 5. Be2 c5 6. c4 Nc6 7. 0-0 b6 8. Nc3 Bb7 9. d3 d5 10. cxd5 Nxd5 11. Qd2 e5 12. Rfd1 Qd7 13. Nxd5 Qxd5 14. Bc3 Rfd8 15. Rac1 Rac8 16. Qb2 Qe6 17. Rd2 Qe7 18. Rcd1 Rd7 19. Bf1 Rcd8 20. h3 Nd4 21. Ne1 Nb5 22. Qc1 Nxc3 23. Qxc3 h6 24. Qc2 Kh7 25. Be2 f5 26. Bf3 Ba6 27. e4 Qg5 28. Rc1 Rd6 29. Rdd1 Bxd3 30. Rxd3 Rxd3 31. Nxd3 Rxd3 32. Qxd3 Qxc1+ 33. Kh2 Qf4+ 34. Kg1 Qc1+ 1/2-1/2

[Event "VIE-ch (Women)"]
[Site "Hanoi"]
[Date "2024.03.13"]
[Round "4"]
[White "Nguyen, Binh Vy"]
[Black "Duong, Ngoc Nga"]
[Result "1-0"]
[WhiteElo "1849"]
[BlackElo "1649"]
[PlyCount "80"]
[EventDate "2024.03.11"]
[EventType "swiss"]
[EventRounds "9"]
[EventCountry "VIE"]
[SourceTitle "CB13_2024"]
[SourceDate "2024.03.27"]
[SourceVersion "1"]
[SourceVersionDate "2024.03.27"]
[SourceQuality "1"]

1. e4 c5 2. Nf3 e6 3. c3 Nf6 4. e5 Nd5 5. Bc4 d6 6. 0-0 dxe5 7. Nxe5 Bd6 8. d4 0-0 9. Qf3 Nb6 10. Bb3 Qc7 11. Re1 N8d7 12. Bf4 Nxe5 13. dxe5 Be7 14. Qg3 Rd8 15. Nd2 Nd5 16. Bh6 Bf8 17. Bg5 Be7 18. Ne4 Bxg5 19. Qxg5 Qe7 20. Qxe7 Nxe7 21. Nxc5 h6 22. Rad1 Rxd1 23. Rxd1 Nc6 24. f4 b6 25. Ba4 Ne7 26. Rd8+ Kh7 27. Bc2+ g6 28. Be4 Nd5 29. Bxd5 exd5 30. Nd7 Bb7 31. Nf6+ Kg7 32. Rxa8 Bxa8 33. Kf2 Kf8 34. g4 Ke7 35. Ng8+ Ke6 36. Nxh6 Bc6 37. Ke3 Bb5 38. Kd4 Bc6 39. f5+ Ke7 40. h4 Kf8 1-0

[Event "VIE-ch (Women)"]
[Site "Hanoi"]
[Date "2024.03.11"]
[Round "1"]
[White "Nguyen, Binh Vy"]
[Black "Nguyen, Hoang Bao Tram"]
[Result "1/2-1/2"]
[WhiteElo "1849"]
[BlackElo "1533"]
[PlyCount "71"]
[EventDate "2024.03.11"]
[EventType "swiss"]
[EventRounds "9"]
[EventCountry "VIE"]
[SourceTitle "CB13_2024"]
[SourceDate "2024.03.27"]
[SourceVersion "1"]
[SourceVersionDate "2024.03.27"]
[SourceQuality "1"]

1. e4 c5 2. Nf3 Nc6 3. Bb5 g6 4. 0-0 Bg7 5. Re1 d6 6. c3 Nf6 7. d4 cxd4 8. cxd4 0-0 9. h3 a6 10. Bf1 b5 11. a3 Bb7 12. Nc3 Rc8 13. Bg5 Na5 14. e5 dxe5 15. dxe5 Nd5 16. Nxd5 Qxd5 17. Qxd5 Bxd5 18. Bxe7 Rfe8 19. Bf6 Bxf6 20. exf6 Bxf3 21. gxf3 Re6 22. Rac1 Rxc1 23. Rxc1 Rxf6 24. Kg2 Rd6 25. b4 Nc6 26. Rc3 Ne7 27. f4 Kg7 28. Kf3 Kf6 29. Bd3 Nf5 30. Be4 Ke6 31. Bb7 Ne7 32. Be4 Nf5 33. Rc5 Kf6 34. Rc8 Rb6 35. Rh8 h5 36. Rd8 1/2-1/2

[Event "VIE-ch (Women)"]
[Site "Vung Tau"]
[Date "2023.03.03"]
[Round "2"]
[White "Tran, Nguyen My Tien"]
[Black "Nguyen, Binh Vy"]
[Result "0-1"]
[WhiteElo "1998"]
[BlackElo "1595"]
[PlyCount "104"]
[EventDate "2023.03.03"]
[EventType "swiss"]
[EventRounds "9"]
[EventCountry "VIE"]
[SourceTitle "EXT 2024"]
[Source "ChessBase"]
[SourceDate "2023.10.10"]
[SourceVersion "1"]
[SourceVersionDate "2023.10.10"]
[SourceQuality "1"]

1. e4 c5 2. Nc3 Nc6 3. g3 g6 4. Bg2 Bg7 5. d3 d6 6. f4 e6 7. h4 h5 8. Nf3 Nge7 9. 0-0 0-0 10. Bh3 d5 11. Bd2 Nd4 12. Nh2 f5 13. e5 b5 14. Ne2 Nxe2+ 15. Qxe2 d4 16. Bg2 Nd5 17. Nf3 Bb7 18. c3 dxc3 19. bxc3 Qd7 20. d4 c4 21. Ng5 Bh6 22. Nf3 Bc6 23. Rfc1 Rfb8 24. Ne1 Nb6 25. Nc2 a5 26. a3 Bf8 27. Rcb1 Rc8 28. Kh2 Rab8 29. Rd1 Nd5 30. Be1 Be7 31. Bf3 Nb6 32. Ne3 Nd5 33. Nc2 Qb7 34. Qg2 Kf7 35. Rab1 Qd7 36. Qe2 Rb7 37. Bd2 Nb6 38. Be1 Bxf3 39. Qxf3 Qd5 40. Qf2 Qc6 41. Bd2 Nd5 42. Qg2 Rb6 43. Qe2 Rcb8 44. Rdc1 Rc8 45. Qe1 Qb7 46. Rb2 Ke8 47. Rcb1 b4 48. axb4 axb4 49. Nxb4 Bxb4 50. Rxb4 Nxb4 51. cxb4 Ra6 52. Rb2 Ra3 0-1

[Event "VIE-ch U15 Girls"]
[Site "Ho Chi Minh City"]
[Date "2022.07.13"]
[Round "4"]
[White "Nguyen, Binh Vy"]
[Black "Ton, Nu Quynh Duong"]
[Result "1-0"]
[WhiteElo "2113"]
[BlackElo "2106"]
[PlyCount "83"]
[EventDate "2022.07.11"]
[EventType "swiss"]
[EventRounds "9"]
[EventCountry "VIE"]
[SourceTitle "EXT 2023"]
[Source "ChessBase"]
[SourceDate "2022.10.05"]
[SourceVersion "1"]
[SourceVersionDate "2022.10.05"]
[SourceQuality "1"]

1. e4 c5 2. Nf3 d6 3. Bb5+ Bd7 4. a4 Nc6 5. 0-0 Nf6 6. d3 a6 7. Bxc6 Bxc6 8. a5 e5 9. c4 Be7 10. Nc3 0-0 11. Ne1 Nd7 12. Nc2 Bg5 13. Bxg5 Qxg5 14. Ne3 g6 15. Qg4 Qxg4 16. Nxg4 Rfb8 17. f4 h5 18. Ne3 Kg7 19. f5 Re8 20. Ncd5 Rab8 21. Rf2 Rf8 22. Raf1 Rbe8 23. g3 Rc8 24. Rb1 Rb8 25. Ra1 Rbe8 26. Kf1 Rb8 27. Ke1 Rbe8 28. Kd2 Rb8 29. Kc3 Rbe8 30. h3 Rh8 31. Raf1 Rhf8 32. g4 hxg4 33. hxg4 f6 34. fxg6 Kxg6 35. Nf5 Re6 36. Rh2 Nb8 37. Nc7 Ree8 38. Nxe8 Rxe8 39. Nxd6 Re6 40. Nf5 Nd7 41. Rfh1 Kg5 42. Kd2 1-0

[Event "VIE-ch U15 Girls"]
[Site "Ho Chi Minh City"]
[Date "2022.07.12"]
[Round "2"]
[White "Nguyen, Binh Vy"]
[Black "Tran, Phuong Vi"]
[Result "1-0"]
[WhiteElo "2113"]
[BlackElo "2100"]
[PlyCount "69"]
[EventDate "2022.07.11"]
[EventType "swiss"]
[EventRounds "9"]
[EventCountry "VIE"]
[SourceTitle "EXT 2023"]
[Source "ChessBase"]
[SourceDate "2022.10.05"]
[SourceVersion "1"]
[SourceVersionDate "2022.10.05"]
[SourceQuality "1"]

1. e4 g6 2. d4 Bg7 3. Nc3 d6 4. Be3 Nf6 5. h3 0-0 6. Nf3 e5 7. Bc4 Nc6 8. a4 exd4 9. Nxd4 Nxd4 10. Bxd4 c5 11. Be3 Qb6 12. Qd3 Be6 13. Bxe6 fxe6 14. 0-0 Rad8 15. a5 Qc6 16. Qc4 Rfe8 17. e5 Nd5 18. Bg5 Rd7 19. Nb5 Bxe5 20. Nxa7 Qa6 21. Qa4 b5 22. Nxb5 Rb8 23. Qg4 Qxb5 24. Qxe6+ Kh8 25. c4 Qb7 26. cxd5 Qc7 27. Rfe1 Rf7 28. a6 Qa7 29. Rxe5 dxe5 30. Qxe5+ Kg8 31. d6 Rf5 32. Qe3 Qb6 33. d7 Qxb2 34. Re1 Rbf8 35. d8Q 1-0

[Event "VIE-ch U15 Girls"]
[Site "Hanoi"]
[Date "2022.06.14"]
[Round "5"]
[White "Nguyen, Binh Vy"]
[Black "Nguyen, Ngoc Ha Anh"]
[Result "1-0"]
[WhiteElo "2092"]
[BlackElo "2121"]
[PlyCount "129"]
[EventDate "2022.06.11"]
[EventType "swiss"]
[EventRounds "9"]
[EventCountry "VIE"]
[SourceTitle "EXT 2023"]
[Source "ChessBase"]
[SourceDate "2022.10.05"]
[SourceVersion "1"]
[SourceVersionDate "2022.10.05"]
[SourceQuality "1"]

1. e4 e5 2. Nf3 Nc6 3. Nc3 Nf6 4. Bb5 Bc5 5. d3 0-0 6. 0-0 Nd4 7. Nxd4 Bxd4 8. Bg5 Bxc3 9. bxc3 a5 10. a4 c6 11. Bc4 d6 12. Rb1 h6 13. Bh4 Rb8 14. Qe2 Be6 15. Bxe6 fxe6 16. c4 Qc7 17. Rb2 Nd7 18. f3 Nc5 19. Ra1 Rf7 20. Bf2 Nd7 21. Rab1 b6 22. Be3 c5 23. Qf2 Qc6 24. Rb5 Rb7 25. Bd2 Nf6 26. Qg3 Kh7 27. Qh3 Rfe7 28. Qh4 Rf7 29. Qh3 Rfe7 30. Rf1 Ne8 31. Ra1 Nc7 32. Rbb1 Na6 33. c3 Nc7 34. Rf1 Ne8 35. f4 d5 36. cxd5 exd5 37. Rae1 dxe4 38. Rxe4 Nf6 39. Rxe5 Qxa4 40. Qf5+ Kh8 41. Rfe1 Rxe5 42. fxe5 Ng8 43. e6 Qc2 44. Bf4 Qxc3 45. Rf1 Qd4+ 46. Kh1 Re7 47. Be5 Qe3 48. h4 a4 49. Kh2 b5 50. Rf3 Qe1 51. Rg3 Qe2 52. Qf4 Qh5 53. Rxg7 Rxg7 54. Qg3 Qxe5 55. Qxe5 a3 56. Qxc5 a2 57. Qa3 Rb7 58. Qxa2 b4 59. Qb3 Ne7 60. d4 Nf5 61. d5 Nxh4 62. d6 Nf5 63. d7 Rb8 64. Qb2+ Kg8 65. Qf6 1-0

[Event "VIE-ch U15 Girls"]
[Site "Hanoi"]
[Date "2022.06.11"]
[Round "1"]
[White "Nguyen, Binh Vy"]
[Black "Nguyen, Tue Minh"]
[Result "1-0"]
[WhiteElo "2092"]
[BlackElo "2109"]
[PlyCount "77"]
[EventDate "2022.06.11"]
[EventType "swiss"]
[EventRounds "9"]
[EventCountry "VIE"]
[SourceTitle "EXT 2023"]
[Source "ChessBase"]
[SourceDate "2022.10.05"]
[SourceVersion "1"]
[SourceVersionDate "2022.10.05"]
[SourceQuality "1"]

1. e4 e5 2. Nf3 Nc6 3. Nc3 d6 4. Bb5 Bd7 5. 0-0 Nf6 6. h3 h6 7. d3 Be7 8. Be3 0-0 9. Re1 a6 10. Ba4 Be6 11. Bb3 d5 12. exd5 Bxd5 13. Nxd5 Nxd5 14. Bd2 Bf6 15. Nh2 Re8 16. Ng4 Bg5 17. Bxg5 hxg5 18. Qf3 Nd4 19. Qxd5 Qxd5 20. Bxd5 Nxc2 21. Rac1 Nxe1 22. Rxe1 c6 23. Bb3 Re7 24. Rxe5 Rxe5 25. Nxe5 Rf8 26. f3 b5 27. Kf2 Kh7 28. Bxf7 Rd8 29. Ke3 c5 30. Ke4 Rd6 31. Kf5 c4 32. dxc4 bxc4 33. Bxc4 Rd2 34. Bxa6 Rxb2 35. Bc4 Rxg2 36. a4 Kh6 37. a5 Rd2 38. a6 Rd8 39. Nf7+ 1-0

[Event "VIE-ch (Women)"]
[Site "Tinh Bac Giang"]
[Date "2022.02.28"]
[Round "2"]
[White "Hoang, Thi Hai Anh"]
[Black "Nguyen, Binh Vy"]
[Result "1-0"]
[WhiteElo "1910"]
[BlackElo "1568"]
[PlyCount "123"]
[EventDate "2022.02.28"]
[EventType "swiss"]
[EventRounds "9"]
[EventCountry "VIE"]
[SourceTitle "CBM 207 Extra"]
[Source "ChessBase"]
[SourceDate "2022.05.31"]
[SourceVersion "1"]
[SourceVersionDate "2022.05.31"]
[SourceQuality "1"]

1. d4 c5 2. d5 d6 3. c4 Nf6 4. Nc3 g6 5. e4 Bg7 6. Bd3 0-0 7. Nge2 e6 8. 0-0 exd5 9. exd5 Na6 10. h3 Nc7 11. Bf4 a6 12. a4 Rb8 13. Qd2 Re8 14. Ng3 Qe7 15. Rae1 Qf8 16. Nge4 Nxe4 17. Nxe4 Rd8 18. Nxc5 b5 19. b3 bxa4 20. bxa4 Rb2 21. Qc1 Nxd5 22. Bg5 dxc5 23. Bxd8 Qxd8 24. cxd5 Bd4 25. Bc4 Bb7 26. Re4 Rb4 27. Rfe1 Kg7 28. Re7 Bxd5 29. Bxd5 Qxd5 30. Qd1 Qf5 31. R7e2 Qd7 32. Ra2 Qd5 33. Qc2 a5 34. Rd1 Qb7 35. Qd2 Qc6 36. Qc2 Qb6 37. Qd3 Qe6 38. Qc2 Rc4 39. Qd2 Rc3 40. Rc2 Qb3 41. Rxc3 Qxc3 42. Qxc3 Bxc3 43. Kf1 Kf6 44. Ke2 Bd4 45. Rb1 Bc3 46. Kd3 Bb4 47. Kc4 Ke5 48. Rd1 Ke6 49. Rd5 h5 50. Rxc5 Be1 51. Rb5 Kd6 52. Rb2 g5 53. Rb6+ Ke7 54. Ra6 f5 55. Kb5 g4 56. Rxa5 Bxf2 57. Kc4 Kf6 58. Kd3 f4 59. Ke2 Bd4 60. Rxh5 f3+ 61. gxf3 g3 62. Kf1 1-0

[Event "VIE-ch (Women)"]
[Site "Tinh Bac Giang"]
[Date "2022.02.28"]
[Round "1"]
[White "Nguyen, Binh Vy"]
[Black "Doan, Thi Van Anh"]
[Result "0-1"]
[WhiteElo "1568"]
[BlackElo "1988"]
[PlyCount "102"]
[EventDate "2022.02.28"]
[EventType "swiss"]
[EventRounds "9"]
[EventCountry "VIE"]
[SourceTitle "CBM 207 Extra"]
[Source "ChessBase"]
[SourceDate "2022.05.31"]
[SourceVersion "1"]
[SourceVersionDate "2022.05.31"]
[SourceQuality "1"]

1. e4 e6 2. d4 d5 3. exd5 exd5 4. Bd3 Bd6 5. Qf3 Nc6 6. c3 Be6 7. Ne2 Qf6 8. Qxf6 Nxf6 9. Bf4 Bxf4 10. Nxf4 0-0-0 11. 0-0 g5 12. Ne2 a6 13. Nd2 h6 14. b4 Bg4 15. f3 Bd7 16. a4 Rhe8 17. Kf2 Re7 18. b5 axb5 19. axb5 Nb8 20. Ng3 Rde8 21. Nf5 Bxf5 22. Bxf5+ Kd8 23. Rfe1 Rxe1 24. Rxe1 Rxe1 25. Kxe1 Ne8 26. Nf1 Nd6 27. Bd3 Ke7 28. Ne3 Ke6 29. g4 c6 30. bxc6 bxc6 31. Kd2 Kf6 32. Kc2 Ke7 33. Kb3 Kd7 34. Kb4 Kc7 35. Ka5 Nd7 36. Ka6 Nf8 37. Nf5 Nxf5 38. Bxf5 Ne6 39. Bxe6 fxe6 40. Ka5 Kb7 41. Kb4 Kb6 42. c4 Kc7 43. cxd5 cxd5 44. Kc3 Kd6 45. f4 gxf4 46. h4 e5 47. dxe5+ Kxe5 48. Kd3 d4 49. Ke2 Ke4 50. Kf2 d3 51. Kf1 f3 0-1

[Event "VIE-ch U13 Girls"]
[Site "Hanoi"]
[Date "2020.??.??"]
[Round "4"]
[White "Nguyen, Binh Vy"]
[Black "Vu, My Linh"]
[Result "1-0"]
[WhiteElo "1484"]
[BlackElo "1469"]
[PlyCount "73"]
[EventDate "2020.10.22"]
[EventType "tourn"]
[EventRounds "7"]
[EventCountry "VIE"]
[SourceTitle "EXT 2022"]
[Source "ChessBase"]
[SourceDate "2021.10.06"]
[SourceVersion "1"]
[SourceVersionDate "2021.10.06"]
[SourceQuality "1"]

1. e4 e6 2. d4 d5 3. exd5 exd5 4. Bd3 Nc6 5. c3 Bd6 6. Qf3 Nf6 7. h3 Ne4 8. Ne2 0-0 9. 0-0 f5 10. Bf4 Ne7 11. Rd1 Ng6 12. Bxd6 Qxd6 13. Nd2 Bd7 14. c4 c6 15. c5 Qc7 16. b4 Rf6 17. a4 Qd8 18. g3 a6 19. Nf4 Ng5 20. Qe3 Nxf4 21. gxf4 Re6 22. Qg3 Rg6 23. Kf1 Ne4 24. Qh2 Rh6 25. Nf3 Be8 26. Ne5 Qh4 27. Ra3 Qxh3+ 28. Qxh3 Rxh3 29. Kg2 Rh6 30. f3 Nf6 31. Bxf5 Nh5 32. Ng4 Nxf4+ 33. Kg3 Ne2+ 34. Kf2 Rh5 35. Be6+ Bf7 36. Bxf7+ Kxf7 37. Kxe2 1-0

[Event "Hanoi op"]
[Site "Hanoi"]
[Date "2019.03.02"]
[Round "7"]
[White "Nguyen, Binh Vy"]
[Black "Luu, Quoc Viet"]
[Result "0-1"]
[WhiteElo "1216"]
[BlackElo "1844"]
[PlyCount "134"]
[EventDate "2019.02.22"]
[EventType "swiss"]
[EventRounds "9"]
[EventCountry "VIE"]
[SourceTitle "EXT 2021"]
[Source "ChessBase"]
[SourceDate "2020.10.23"]
[SourceVersion "1"]
[SourceVersionDate "2020.10.23"]
[SourceQuality "1"]

1. e4 c5 2. Nf3 d6 3. d4 cxd4 4. Nxd4 Nf6 5. Nc3 a6 6. Be2 e6 7. a4 Be7 8. 0-0 0-0 9. f4 Nc6 10. Be3 Qc7 11. Bf3 Bd7 12. Kh1 Rac8 13. Qe1 Nxd4 14. Bxd4 e5 15. fxe5 dxe5 16. Be3 Be6 17. Qg3 Kh8 18. a5 Bc5 19. Bxc5 Qxc5 20. Be2 Rfe8 21. Rf3 Qb4 22. b3 Nxe4 23. Nxe4 Qxe4 24. Bd3 Qd4 25. Raf1 f6 26. Re3 Qb4 27. Re4 Qe7 28. Rh4 f5 29. c4 e4 30. Bc2 Bd7 31. Rh5 Qf7 32. Rh4 Bc6 33. Qh3 g6 34. Qe3 Qg7 35. Rhf4 Rcd8 36. Rh4 Rd7 37. b4 Qb2 38. Bb1 Qxb4 39. Qg5 Rg7 40. Rh3 Qxc4 41. Rc1 Qd5 42. Re3 Qxa5 43. Qg3 Qe5 44. Qe1 Rd7 45. Rec3 Red8 46. Rc5 Qd4 47. h3 Qxc5 48. Rxc5 Rd1 49. Rc1 Rxe1+ 50. Rxe1 Kg7 51. Kg1 Kf6 52. Kf2 Rd2+ 53. Kg3 g5 54. Rf1 Kg6 55. Kh2 a5 56. Rc1 a4 57. Rc4 a3 58. Rc3 a2 59. Bxa2 Rxa2 60. Kg3 f4+ 61. Kh2 e3 62. Kh1 e2 63. Rc1 Bxg2+ 64. Kg1 f3 65. Kf2 e1Q+ 66. Kxe1 f2+ 67. Kd1 Bf3# 0-1

[Event "Wch U10 Girls blitz"]
[Site "Minsk"]
[Date "2018.06.24"]
[Round "5"]
[White "Edithso, Samantha"]
[Black "Nguyen, Binh Vy"]
[Result "1-0"]
[WhiteElo "2028"]
[BlackElo "1304"]
[PlyCount "141"]
[EventDate "2018.06.24"]
[EventType "swiss (blitz)"]
[EventRounds "9"]
[EventCountry "BLR"]
[SourceTitle "EXT 2019"]
[Source "ChessBase"]
[SourceDate "2018.10.10"]
[SourceVersion "1"]
[SourceVersionDate "2018.10.10"]
[SourceQuality "1"]

1. e4 c5 2. Nf3 e6 3. d4 cxd4 4. Nxd4 Nf6 5. Nc3 Nc6 6. Be3 Bb4 7. Bd3 d5 8. exd5 Nxd5 9. 0-0 Nxc3 10. bxc3 Bxc3 11. Nxc6 bxc6 12. Rb1 0-0 13. Qf3 Bd7 14. Bc5 Re8 15. Bxh7+ Kxh7 16. Qxc3 Qg5 17. Qd3+ Kg8 18. Be3 Qd5 19. Qe2 Qa5 20. Rb3 Rab8 21. Rfb1 Qc7 22. h3 e5 23. Qa6 Ra8 24. Rb7 Qc8 25. Qd3 Bf5 26. Qc3 Rd8 27. Bc5 Rd5 28. Bxa7 Be6 29. Rb8 Rxb8 30. Rxb8 Qxb8 31. Bxb8 f6 32. Ba7 Rd6 33. Bc5 Rd5 34. Be3 Rd6 35. a4 Kf7 36. Kh2 Bd5 37. a5 Rd7 38. a6 Rd8 39. a7 Ra8 40. Qb4 c5 41. Qxc5 Ke6 42. Qb6+ Kd7 43. Qb8 Bc6 44. Qb3 Kd6 45. Qf7 Bd5 46. Qxg7 Ke6 47. Qg4+ Kd6 48. h4 Be6 49. Qb4+ Kc7 50. Qb6+ Kd7 51. Qb7+ Kd6 52. Qxa8 Bd5 53. Qd8+ Ke6 54. a8Q Bxa8 55. Qxa8 Ke7 56. Bc5+ Kd7 57. Qb7+ Ke6 58. g4 f5 59. c4 fxg4 60. Qe7+ Kf5 61. Kg3 e4 62. Qf7+ Ke5 63. Ba7 e3 64. Qf4+ Ke6 65. fxe3 Ke7 66. Qh6 Kf7 67. Kf4 Ke7 68. Ke5 Kf7 69. Qh7+ Ke8 70. Ke6 Kd8 71. Qd7# 1-0

[Event "Wch U10 Girls rapid"]
[Site "Minsk"]
[Date "2018.06.23"]
[Round "7"]
[White "Nguyen, Binh Vy"]
[Black "Marchenko, Yelyzaveta"]
[Result "1-0"]
[WhiteElo "1235"]
[BlackElo "1510"]
[PlyCount "136"]
[EventDate "2018.06.22"]
[EventType "swiss (rapid)"]
[EventRounds "9"]
[EventCountry "BLR"]
[SourceTitle "EXT 2019"]
[Source "ChessBase"]
[SourceDate "2018.10.10"]
[SourceVersion "1"]
[SourceVersionDate "2018.10.10"]
[SourceQuality "1"]

1. e4 e6 2. d4 b6 3. Nc3 Bb7 4. f3 Bb4 5. Nge2 Nf6 6. Be3 d6 7. a3 Bxc3+ 8. Nxc3 Nbd7 9. Qd2 Qe7 10. Be2 a5 11. Nb5 Qd8 12. g4 h6 13. Qc3 Rc8 14. h4 Ba6 15. Qd2 Bxb5 16. Bxb5 c6 17. Ba6 Rc7 18. Be2 Rc8 19. 0-0-0 b5 20. g5 Nh5 21. gxh6 gxh6 22. Rdg1 Qf6 23. Qxa5 Nf4 24. Bxf4 Qxf4+ 25. Qd2 Qf6 26. Rg4 Ke7 27. Rhg1 e5 28. d5 cxd5 29. exd5 Rb8 30. Qe3 Rhc8 31. f4 Qf5 32. Bd3 Qf6 33. Rf1 Nc5 34. fxe5 Qxe5 35. Qxe5+ dxe5 36. Kd2 Nxd3 37. Kxd3 Rc5 38. Rg7 Rf8 39. d6+ Kxd6 40. Rfxf7 Rxf7 41. Rxf7 Kd5 42. Rf6 e4+ 43. Kd2 Kd4 44. c3+ Ke5 45. Rxh6 Kf4 46. Rf6+ Kg4 47. Re6 Kxh4 48. Rxe4+ Kg5 49. Re2 Kf5 50. Kc2 Rc8 51. Kb3 Rc5 52. Kb4 Rd5 53. Re8 Kf6 54. Rb8 Ke6 55. Rxb5 Rd6 56. Kc5 Rd5+ 57. Kc4 Rd6 58. b4 Kd7 59. a4 Kc7 60. a5 Rc6+ 61. Rc5 Kb7 62. Rxc6 Kxc6 63. b5+ Kb7 64. Kc5 Kc7 65. a6 Kb8 66. b6 Ka8 67. Kb5 Kb8 68. c4 Ka8 1-0